Saudi Arabia and Iran : (Record no. 21854)
[ view plain ]
| 000 -LEADER | |
|---|---|
| fixed length control field | 01021cam a22003015a 4500 |
| 001 - CONTROL NUMBER | |
| control field | 017578192 |
| 003 - CONTROL NUMBER IDENTIFIER | |
| control field | OSt |
| 005 - DATE AND TIME OF LATEST TRANSACTION | |
| control field | 20160608120836.0 |
| 008 - FIXED-LENGTH DATA ELEMENTS--GENERAL INFORMATION | |
| fixed length control field | 151009t2016 enkb frb 001 0 eng d |
| 020 ## - INTERNATIONAL STANDARD BOOK NUMBER | |
| International Standard Book Number | 9781784534660 |
| 040 ## - CATALOGING SOURCE | |
| Original cataloging agency | StDuBDS |
| Language of cataloging | eng |
| Transcribing agency | StDuBDS |
| Modifying agency | EG-ScBUE |
| 043 ## - GEOGRAPHIC AREA CODE | |
| Geographic area code | a-su--- |
| -- | a-ir--- |
| -- | aw----- |
| 082 04 - DEWEY DECIMAL CLASSIFICATION NUMBER | |
| Edition number | 22 |
| Classification number | 327.538055 |
| Item number | MAB |
| 100 1# - MAIN ENTRY--PERSONAL NAME | |
| Personal name | Mabon, Simon. |
| 9 (RLIN) | 40133 |
| 245 10 - TITLE STATEMENT | |
| Title | Saudi Arabia and Iran : |
| Remainder of title | power and rivalry in the Middle East / |
| Statement of responsibility, etc | Simon Mabon. |
| 260 ## - PUBLICATION, DISTRIBUTION, ETC. (IMPRINT) | |
| Place of publication, distribution, etc | London ; |
| -- | New York : |
| Name of publisher, distributor, etc | I. B. Tauris, |
| Date of publication, distribution, etc | c.2016. |
| 300 ## - PHYSICAL DESCRIPTION | |
| Extent | xii, 298 p. : |
| Other physical details | maps ; |
| Dimensions | 20 cm. |
| 490 0# - Series Statement | |
| Series statement | Library of modern Middle East studies ; |
| Volume/sequential designation | 132. |
| 500 ## - GENERAL NOTE | |
| General note | Originally published : 2013. |
| 500 ## - GENERAL NOTE | |
| General note | Index : p. 291-298. |
| 504 ## - BIBLIOGRAPHY, ETC. NOTE | |
| Bibliography, etc | Bibliography : p. 269-290. |
| 650 ## - SUBJECT ADDED ENTRY--TOPICAL TERM | |
| Source of heading or term | BUEsh |
| 651 #0 - SUBJECT ADDED ENTRY--GEOGRAPHIC NAME | |
| Geographic name | Saudi Arabia |
| General subdivision | Foreign relations |
| Geographic subdivision | Iran. |
| Source of heading or term | BUEsh |
| 651 #0 - SUBJECT ADDED ENTRY--GEOGRAPHIC NAME | |
| Geographic name | Iran |
| General subdivision | Foreign relations |
| Geographic subdivision | Saudi Arabia. |
| Source of heading or term | BUEsh |
| 651 #0 - SUBJECT ADDED ENTRY--GEOGRAPHIC NAME | |
| Geographic name | Middle East |
| General subdivision | Politics and government |
| Chronological subdivision | 1979- |
| Source of heading or term | BUEsh |
| 653 ## - INDEX TERM--UNCONTROLLED | |
| Resource For college | BAEPS, Political Science |
| Arrived date list | June2016 |
| 942 ## - ADDED ENTRY ELEMENTS (KOHA) | |
| Source of classification or shelving scheme | Dewey Decimal Classification |
| Withdrawn status | Item status | Source of classification or shelving scheme | Damaged status | Not for loan | Vendor | Home library | Current library | Shelving location | Date acquired | Source of acquisition | Cost, normal purchase price | Total Checkouts | Total Renewals | Full call number | Barcode | Date last seen | Date last borrowed | Cost, replacement price | Koha item type |
|---|---|---|---|---|---|---|---|---|---|---|---|---|---|---|---|---|---|---|---|
| Dewey Decimal Classification | Alahram | Central Library | Central Library | First floor | 08/06/2016 | Purchase | 154.00 | 2 | 7 | 327.538055 MAB | 000032638 | 15/07/2025 | 06/11/2017 | 192.50 | Book - Borrowing |